000 00412nam a22001337a 4500
020 _qPB.
040 _cFIZZA ISHAQ
082 _a152.4
_bHAR
100 _aPH,D,LERNER G.HARRIET.
_9133567
245 _aTHE DANCE OF ANGER A WOMAN,S GUIDE TO CHANGING THE PATTERNS OF INTIMATE RELATIONS /
_cHARRIET G.LERNER,PH.D.
260 _aNEW YORK ;
_bHARPER & ROW,
_c1985.
300 _a239 P. ;
_c7.9X5.2IN
942 _2ddc
_cBK
999 _c616505
_d616505